Statistics for Mal's General Knowledge 24

Click here to take the quiz!

General Stats

  • This quiz has been taken 59 times
  • The average score is 9 of 20

Answer Stats

Hint Answer % Correct
6) What is the main ingredient of an Omelette (omelet)?Eggs
100%
12) Mixing the colours 'Blue & Yellow' gives which colour?Green
96%
7) A distinctive garment of Ancient Rome, worn originally by both sexes was a?Toga
86%
11) Who composed 'The Four Seasons' violin concertos?Antonio Vivaldi
82%
16) Which 'Star' is approx. 150 million km. distance from Earth?The Sun
71%
10) 'Angora Wool' is derived from what animal?Rabbit
59%
4) What is the 4 letter suffix denoting Inflamation?itis
53%
15) What is the most common name for the largest 'Rodent' in the World?Capybara
51%
3) And, Which Capital City is last Alphabetically?Zagreb
47%
13) Which Country is 'Ellesmere Island' a part of?Canada
45%
19) Afghanistan / China / Kyrgyzstan / and Uzbekistan all border which Country?Tajikistan
37%
8) In which part of the body is the 'Sartorius Muscle' located?Leg
35%
1) Who Directed the Movie "Lawrence of Arabia"?David Lean
31%
18) What is the sum of all the numbers from 1 to 20?210
29%
17) From which Country did the savoury dish 'Lardo' originate?Italy
25%
2) Which Capital City is first Alphabetically?Abu Dhabi
22%
9) What is the Hindi word for 'Hello' (English script not Devanagari script)Namaste
18%
20) In a Movie, who said "I'm also just a girl, standing in front of a boy, asking him to love her"?Julia Roberts / Notting Hill
16%
5) 'Silvery Sleep' is an anagram of which past celebrity?Elvis Presley
12%
14) What is the formal Japanese name for the traditional uniform used for Judo practice and competition?Judogi
6%

Score Distribution

Percentile by Number Answered

Percent of People with Each Score

Your Score History

You have not taken this quiz